Makroekonomické aspekty priamych zahraničných investícií na ekonomický rast Slovenskej republiky
Gespeichert in:
| 1. Verfasser: | |
|---|---|
| Weitere Verfasser: | |
| Format: | Buchkapitel |
| Sprache: | Slowakisch |
| Schlagworte: | |
| Tags: |
Keine Tags, Fügen Sie das erste Tag hinzu!
|
MARC
| LEADER | 00000naa$a2200000$$$4500 | ||
|---|---|---|---|
| 001 | 0088912 | ||
| 005 | 20240502083230.3 | ||
| 041 | 0 | |a slo | |
| 044 | |a CZ | ||
| 245 | 1 | 0 | |a Makroekonomické aspekty priamych zahraničných investícií na ekonomický rast Slovenskej republiky |c Marcel Novák, Karol Trnovský |
| 500 | |a Abstrakt | ||
| 610 | 2 | 0 | |a investície priame zahraničné |
| 610 | 2 | 0 | |a rast hospodársky |
| 610 | 2 | 0 | |a produktivita práce |
| 610 | 2 | 0 | |a Slovensko |
| 100 | 1 | |a Novák, Marcel, 1979- | |
| 700 | 1 | |a Trnovský, Karol, 1983- | |